000 00666nam a22002297a 4500
003 UA-OsUOA
001 55744
007 ta
008 20080919b un ||||| |||| 00| 0 ukr d
100 _aВатаманюк З. Г
700 _aБаула О.В.
090 _a330
_bВ21
942 _cSA
040 _aUA-OsUOA
_bukr
_cUA-OsUOA
_dUA-OsUOA
245 _aІнстутиційна ефективність ринку цінних паперів в Україні
300 _aС.101-111
955 _a0
041 _aukr
080 _a330
773 0 _w55735
_tФінанси України
_dК.
_d2008
_g3
650 7 _a330 Економіка взагалі
_2UDC
999 _c341822
_d341822